Quizzes
Events
Quiz Creation
Community
Videos
Private Events
Remove Ads
Sign In
Join for FREE
Feedback
Dark Mode
Quiz Categories
Sports
Geography
Music
Movies
Television
Just For Fun
Miscellaneous
History
Literature
Language
Science
Gaming
Entertainment
Religion
Holiday
For Kids
Quiz Lab
Recent
Popular Today
Quiz Kudos Today
Editor Picks
Curator Picks
Quizzes by...
Day
Popularity
Type
Ratings
Length
Year
Community
Subscriptions
Recent Discussions
Orange Saloon
Badges
Playlists
Quests
Create
Leaderboards
Showdown
Live 5
Trivia Bingo
Activity
Puzzle Library
Sporcle Events
Private Events
Virtual Trivia
Globe League
Become a Host
Pub Owners
SporcleCon
Opinionation
Our Games
Videos
Blog
Mobile Apps
Partnerships
Remove Ads and Go Orange
Feedback
Sports
Athletes
MLB
NBA
NHL
NFL
Soccer
Sports Teams
WWE
NCAA
Football
Premier League
Basketball
Baseball
Hockey
Golf
Tennis
Cricket
Rugby
Auto Racing
Olympics
World Cup
Sports
Athletes
MLB
NBA
NHL
NFL
Soccer
Sports Teams
WWE
NCAA
Football
Premier League
Basketball
Baseball
Hockey
Golf
Tennis
Cricket
Rugby
Auto Racing
Olympics
World Cup
Random Quiz
Search Sporcle
×
Quiz Lab
Quiz Lab
Sports
Country
Type in answers that appear in a list
Type in answers that appear in a list
Classic
Best Score? Go Orange.
European Countries by highest ranked ATP Player Stats
Can you name the European Nations by their currently (December 2023) highest ranked ATP player?
By
Milan
5m
41 Questions
465 Plays
465 Plays
465 Plays
Comments
Comments
Give Quiz Kudos
Give Quiz Kudos
-
- Ratings
hide this ad
More Info
Forced Order
Answers have to be entered in order
Answers have to be entered in order
Replay
Link that replays current quiz
Next Quiz
Link to next quiz in quiz playlist
You Got
0%
They Got
Avg Score
78%
Avg Friend Score
Upgrade to see
Score Distribution
Jump to the score distribution portion of the page
Score
0/41
Timer
05:00
0
Plays Today
Player
Nation
% Correct
Carlos Alcaraz
Spain
99.8%
Cameron Norrie
Great Britain
96.8%
Sebastian Ofner
Austria
94.6%
Novak Djoković
Serbia
94.6%
Borna Čorić
Croatia
94%
Daniil Medvedev
Russia
94%
Alexander Zverev
Germany
93.8%
Nuno Borges
Portugal
93.3%
Ugo Humbert
France
92.3%
Emil Ruusuvuori
Finland
91.8%
Stefanos Tsitsipas
Greece
89.9%
David Goffin
Belgium
89.7%
Stan Wawrinka
Switzerland
89.7%
Jiří Lehečka
Czech Republic
89.2%
Jannik Sinner
Italy
89.2%
Hubert Hurkacz
Poland
88.8%
Holger Rune
Denmark
88.2%
Tallon Griekspoor
Netherlands
88.2%
Grigor Dimitrov
Bulgaria
86.9%
Stylianos Christodoulou
Cyprus
86%
Robert Strombachs
Latvia
86%
Player
Nation
% Correct
Alex Molčan
Slovakia
85.2%
Casper Ruud
Norway
82.8%
Cem İlkel
Turkey
80%
Marton Fucsovics
Hungary
79.8%
Nicholas David Ionel
Romania
78.7%
Vitaliy Sachko
Ukraine
77.6%
Mikael Ymer
Sweden
77.2%
Marco De Rossi
San Marino
75.8%
Ričardas Berankis
Lithuania
75.1%
Blaž Rola
Slovenia
74.8%
Ilya Ivashka
Belarus
74.6%
Osgar O'Hoisin
Ireland
72.7%
Radu Albot
Moldova
68.2%
Damir Džumhur
Bosnia and Herzegovina
64.7%
Mark Lajal
Estonia
57.4%
Kalin Ivanovski
North Macedonia
51.7%
Valentin Vacherot
Monaco
50%
Rrezart Cungu
Montenegro
49.8%
Alex Knaff
Luxembourg
45.8%
Matthew Asciak
Malta
16.7%
Quiz Playlist
Details
Report
Send in Message
Add To Playlist
More Info:
No player listed for Albania, Andorra, Iceland, Kosovo, Liechtenstein and Vatican City.
Classic:
Type in answers that appear in a list
Forced Order:
Answers have to be entered in order
Quiz Source
Last Updated: Dec 5, 2023
Quiz Scoreboard
CHALLENGE
Sign Up to Join the Scoreboard
Show All
Scores
Hide
Comments
May contain spoilers
Recently Published
NBA Finals Game Top Scorers (2010s)
by flibbidy
Sports
5m
Guess the 'R' Things in 3 Words
by MSUKent
Miscellaneous
3m
Actor to Badly Drawn Movie III
by MoMosMoProblems
Movies
5m
More to Explore
Quiz From the Vault
Featured Blog Post
Where Does Lost Luggage Go?
hide this ad
You Might Also Like...
Tags
Country Quiz
Europe Quiz
Nation Quiz
ATP
highest
Player
Today's Top Quizzes in Sports
Browse Sports
hide this ad
Today's Top Quizzes in Country
Browse Country
Top Contributed Quizzes in Sports
1
Les joueurs à 100 buts en Ligue 1 Uber Eats
2
2022 World Cup Stars
3
2024 March Madness Bracket
4
Millionaire: NBA Finals Edition
5
Players with Multiple 50 Home Run Seasons
6
Nickname Match: Athletes VI
7
Criteria MLB: Left Handed Sluggers
8
Iconic Moments in Football - Multiple Choice
9
NFL MVPs ordered
10
First NBA MVP by Team
Explore More
Trending Topics
Kpop
Anime
Marvel
Crossword
NBA
Harry Potter
Disney
Puzzle
Country
NFL
WWE
Soccer
Pokémon
The Office
Song
hide this ad
More By:
Milan
Quiz
Plays
Rating
Category
Featured
Created
Large Metro, Small Country
131,305
4.54
Geography
Jun 25, 2010
Second 'A' Countries
108,232
4.43
Geography
Apr 7, 2010
Countries by 1990 Leaders
63,910
4.36
History
Sep 20, 2010
Basketball at the Olympics
62,910
4.29
Sports
Oct 10, 2009
Countries by 1980 Leaders
57,965
4.42
History
Jul 27, 2010
Go to Creator's Profile
Score Distribution
Quiz Creator Spotlight
Milan
Follow
Send a Message
Quizzes Created
-
Created Quiz Play Count
-
More By This Creator
Popular Quizzes Today
1
Find the US States - No Outlines Minefield
2
Find the US States
3
The Countries of the World
4
10 Largest US States in Order
5
Find the Countries of Europe - No Outlines Minefield
6
US States
7
Guess the 'R' Things in 3 Words
8
NBA Finals Game Top Scorers (2010s)
More Sports Quizzes
2007 NBA All Star Game - West Team
Quiz Lab
Trending Quizzes
First Name TV: Leading Men
First Name TV: Leading Women Drama
Match the Book to the Film II
3-Word Movies in 1 Word II
Match the Book to the Film VI
Recently Updated
Women's Final Four Teams by Year
bhenderson79
Presidents Quartet II
eogle
Anything But Clue(do)
eogle
Anything But Oceanian Capitals
eogle
Anything But 7
eogle
Anything But Thing
eogle
Word Ladder: February 29
pecheneg
Song Title Questions
pecheneg
Women's NCAA Tournament #1 Seeds
pecheneg
Celebrity Mug Shots
pecheneg
Trending Topics
Marvel
Anime
Kpop
Crossword
NBA
Harry Potter
Disney
WWE
Soccer
Pokémon
The Office
Song
NFL
Puzzle
Country
Your Account Isn't Verified!
In order to create a playlist on Sporcle, you need to verify the email address you used during registration. Go to your
Sporcle Settings
to finish the process.
Report this User
Report this user for behavior that violates our
Community Guidelines
.
Details:
Send Report
Go to the Sporcle.com Mobile Site →
Comments